[Event "Novosibirsk"]
[Site "Novosibirsk"]
[Date "1995.??.??"]
[Round "4"]
[White "Makarov, Marat"]
[Black "Ruban, Vadim"]
[Result "1-0"]
[WhiteElo "2520"]
[BlackElo "2535"]
[Annotator "Ribli,Z"]
[PlyCount "91"]
[EventDate "1995.10.??"]
[EventType "tourn"]
[EventRounds "11"]
[EventCountry "RUS"]
[EventCategory "15"]
[SourceTitle "CBM 050"]
[Source "ChessBase"]
[SourceDate "1996.02.01"]
[SourceVersion "1"]
[SourceVersionDate "1996.02.01"]
[SourceQuality "1"]

1. c4 {Hecht Chekhov} e5 2. g3 Nf6 (2... c6 $5) 3. Bg2 c6 4. Nf3 (4. d4 $5) (4.
d4 $5 {Chekhov} exd4 5. Qxd4 d5 6. Nf3 Be7 (6... Bb4+ $5) 7. cxd5 cxd5 8. O-O
O-O 9. Nc3 Nc6 10. Qa4 $14) 4... e4 5. Nd4 d5 (5... Qb6 $5) 6. cxd5 Qxd5 (6...
cxd5 7. Nc3 Nc6 8. Nxc6 bxc6 9. d3 exd3 10. Qxd3 $14 {Larsen,B-Pomar,A/Las
Palmas/1975/INF19,30/}) 7. Nc2 (7. Nb3 {Chekhov} Qh5 8. h3 Na6 9. Nc3 Qg6 10.
O-O Bb4 11. d3 exd3 12. e4 O-O 13. Qxd3 Bxc3 14. bxc3 Re8 15. Bd2 Be6 16. c4
Rad8 17. Qe2 $132 {Gulko,B-Vasiukov,E/Moscow/1983/1|0/43/}) 7... Qh5 8. Nc3 {
Das ist eine Neuerung.} (8. h3 Qg6 9. Nc3 Bd6 10. b3 (10. Ne3 {Chekhov} O-O 11.
Nc4 Bc7 12. b3 Re8 13. Qc2 Na6 14. O-O Nb4 15. Qb1 Nbd5 $15 {Loeffler,S-Van
Der Wiel,J/Leeuwarden/1994/0|1/40/}) 10... O-O 11. Ba3 Bxa3 12. Nxa3 Na6 13.
Nc4 Rd8 $5 (13... h5 $6 14. Qb1 h4 15. g4 Re8 16. Nd6 Re5 17. Ndxe4 $16 {
Kellly,B-Ryan,J/Dublin/1995/EXP46/}) 14. Qb1 Nc5 15. b4 Rd4 16. Ne3 $14 {
Spraggett,K-Yrjola,J/Dubai ol/1986/INF42,16/}) (8. Ne3 Bh3 9. Qb3 Bxg2 10. Nxg2
Qb5 11. Qxb5 cxb5 12. Nc3 a6 13. d3 exd3 14. Bg5 Nbd7 15. exd3 h6 16. Bf4 Nc5
$15 {Gutman,L-Hertneck,G/GER/1992/0|1/41/}) 8... Bh3 (8... Qg6 $6 9. b3 Bd6 (
9... Na6 $5) 10. Ba3 Bxa3 11. Nxa3 O-O 12. Nc4 $14 {Der Anziehende hat jetzt
ein Tempi mehr als wie bei 8.h3 Variante.}) 9. Bxh3 (9. Ne3 Bxg2 10. Nxg2 Nbd7
11. Qc2 Qe5 12. d3 exd3 13. Qxd3 Bc5 14. Bf4 Qe6 15. O-O O-O $10 {Hausner,
I-Lehmann/Neukolln/1988/1|0/55/}) 9... Qxh3 10. d3 {/N/} (10. Ne3 {Chekhov}
Nbd7 11. Qc2 Qe6 12. d3 Bb4 13. Bd2 exd3 14. Qxd3 O-O 15. O-O Rfe8 $15 {
Strizhnev,P-Benson/Reggio Emilia/1992/0,5/21/}) 10... Na6 (10... exd3 $5 11.
Qxd3 Be7 12. Qe3 (12. Ne3 O-O 13. Qf5 Qxf5 14. Nxf5 Bc5 $10) 12... Nbd7 13. Bd2
Ng4 $13) (10... Qg2 $6 11. Rf1 exd3 12. Qxd3 Qxh2 13. Bg5 Be7 14. O-O-O $44)
11. Bg5 (11. dxe4 $6 {Chekhov} Rd8 12. Bd2 Nxe4 13. Nxe4 Qg2 $17) 11... Ng4 {
Droht /\ Qg2.} 12. Ne3 (12. dxe4 {Chekhov} Qg2 13. Rf1 Bc5 $17) 12... Nxe3 13.
Bxe3 Qg2 14. Rf1 exd3 $6 (14... Bb4 $5 $13 {Schwarz sollte seine Entwicklung
beenden und seinen Koenig in die Sicherheit bringen. /\ 0-0}) (14... Bb4 $5 {
Chekhov} 15. Qc2 exd3 16. Qxd3 Rd8 17. Qc4 O-O $15) 15. Qxd3 Rd8 $6 (15... Be7
$5) 16. Qf5 $1 (16. Qe4+ $2 Qxe4 17. Nxe4 Nb4 $17 (17... Nb4 {Chekhov} 18. Rc1
Nxa2 $19)) 16... Be7 17. Qe5 $1 (17. a3 {Chekhov} O-O $15) 17... Nb4 (17... f6
$5 {Chekhov} 18. Qe6 Qxh2 19. Bxa7 $13) 18. Rc1 {Schwarz hat mit seinen
letzten Zuegen seine Lage verschlechtert und jetzt steht er schon vor einigen
Problemen. Die Bauern auf a7 und g7 haengen und der Laeufer auf e7 ist
gefesselt.} Nd5 (18... f6 19. Qe6 Nd5 20. Bxa7 $16) 19. Qxg7 $1 (19. Bxa7 O-O
$1 20. Nxd5 Qxd5 $1 21. Qxd5 Rxd5 $44 {Droht /\ Bb4, Bf6, Ra8, Rb5.}) (19. Nxd5
{Chekhov} Qxd5 20. Qxd5 (20. Qxg7 $4 Bb4+ $19) 20... Rxd5 21. a3 a5 $10) 19...
Bf6 20. Qg4 Nxc3 (20... Bxc3+ 21. bxc3 Nxe3 22. fxe3 Qxh2 (22... Qd5 {Chekhov}
23. c4 $16) 23. Rd1 $1 $16 {Schwarz hat den Bauern zurueckerobert und seinen
Bauernstruktur ist guenstiger ,aber sein Koenig steht gefaehrlich. Man spielt
Schach nicht fuer Bauern son- dern fuer Matt.}) 21. bxc3 Qd5 {Droht /\ Bc3} 22.
f3 h5 (22... Qxa2 23. Qe4+ Qe6 24. Qxe6+ fxe6 25. Bxa7 $18) 23. Qe4+ Qxe4 24.
fxe4 Be5 25. Rf5 f6 26. Bf4 $1 (26. Bxa7 h4 {Schwarz hat zwei Bauern weniger,
aber das Endspiel ist fuer Weiss nicht zu ge- winnen.} (26... h4 $1 {Chekhov}
27. Kf2 hxg3+ 28. hxg3 Ra8 29. Bd4 Bxd4+ 30. cxd4 Rxa2 $14) (26... Ra8 $6 27.
Bd4 Rxa2 28. Bxe5 fxe5 29. Rxe5+ $16)) 26... Bxf4 27. gxf4 {Jetzt stehen die
weissen Bauern schon ganz schoen.} Ke7 28. e5 $1 fxe5 29. Rxe5+ {Weiss hat
zwei Freibauern und steht er schon klar auf Gewinn.} Kf6 30. Rd1 Rxd1+ 31. Kxd1
{Hecht: T-T Motive: verbundene vs Einzelfreibauer, einfaches Freibauernrennen
nach Kontrolle des schwarzen Freibauern und Aktivierung des wK} h4 32. Kd2 Rd8+
33. Ke3 Rd1 34. Rh5 Ra1 35. Rh7 $1 Rxa2 36. Rxb7 Ke6 (36... a5 37. Rc7 $18) 37.
Rh7 a5 38. Rxh4 a4 39. Rh5 a3 40. Ra5 Ra1 41. h4 Kf7 42. Ra6 c5 43. Ke4 a2 44.
Ke5 c4 45. e4 Kg7 46. Kf5 {Weiss hat dieses Endspiel ausgezeichnet (26.Bf4!,
28.e5!, 36.Rb7!) gespielt.} 1-0

[Event "Bishkek zt"]
[Site "Bishkek"]
[Date "1993.??.??"]
[Round "?"]
[White "Serper, Grigory"]
[Black "Vakhidov, Tahir"]
[Result "1/2-1/2"]
[WhiteElo "2590"]
[BlackElo "2455"]
[Annotator "Ribli,Z"]
[PlyCount "68"]
[EventDate "1993.??.??"]
[EventType "tourn"]
[EventRounds "13"]
[EventCountry "KGZ"]
[EventCategory "7"]
[SourceTitle "CBM 035"]
[Source "ChessBase"]
[SourceDate "1993.08.01"]
[SourceVersion "1"]
[SourceVersionDate "1993.08.01"]
[SourceQuality "1"]

1. c4 e5 2. g3 Nf6 3. Bg2 c6 4. d4 exd4 5. Qxd4 d5 6. Nf3 dxc4 7. Qxc4 (7.
Qxd8+ $6 {Carlier,B-Van Gisbergen,S/Dieren-op/1990/EXP19/}) 7... Be6 (7... Be7
$6 {Sher,M-Willemsen,J/Biel-op/1990/EXP19/}) 8. Qc2 Bb4+ 9. Nbd2 h6 10. O-O O-O
11. b3 Qa5 12. Bb2 Nbd7 13. Rad1 Qh5 14. Nd4 Bh3 15. Bxh3 Qxh3 16. N2f3 Rfe8
17. Nf5 $14 Bf8 18. Rd4 g6 19. Nd6 Bxd6 20. Rxd6 Ne4 21. Rd4 Ndf6 22. Rb4 (22.
Rfd1 Qf5) 22... Re7 23. Be5 $1 (23. Bxf6 Nxf6 24. Rh4 Qe6 $13) 23... Rae8 (
23... Qf5 24. Bxf6 Nxf6 25. Qxf5 gxf5 $14) 24. Rxe4 Nxe4 25. Qxe4 Qh5 26. Qb4
Rxe5 27. Nxe5 Qxe5 28. Qxb7 Qxe2 29. Qxa7 (29. Qxc6 $1 $16) 29... Qc2 $1 30. b4
(30. Qa3 Re2 31. Rc1 Qd2 32. Qa8+ Kg7 33. Qxc6 Rxf2 $14) 30... Re4 31. a3 h5 $1
32. h4 Kg7 33. Qc7 Qc4 34. Qd6 Qc3 1/2-1/2

[Event "EU-chT (Men) 14th"]
[Site "Plovdiv"]
[Date "2003.10.12"]
[Round "2.4"]
[White "Romero Holmes, Alfonso"]
[Black "Morozevich, Alexander"]
[Result "0-1"]
[WhiteElo "2544"]
[BlackElo "2702"]
[Annotator "Ribli,Z"]
[PlyCount "86"]
[EventDate "2003.10.10"]
[EventType "team-swiss"]
[EventRounds "9"]
[EventCountry "BUL"]
[SourceTitle "CBM 098"]
[Source "ChessBase"]
[SourceDate "2004.02.03"]
[SourceVersion "1"]
[SourceVersionDate "2004.02.03"]
[SourceQuality "1"]
[WhiteTeam "Spain"]
[BlackTeam "Russia"]
[WhiteTeamCountry "ESP"]
[BlackTeamCountry "RUS"]

1. c4 e5 2. g3 Nf6 3. Bg2 h6 {Dieser Zug wird selten gespielt und es ist
schwer zu sagen, was die konkrete Idee des Zuges ist. Schwarz verteidigt sich
vorher gegen der Möglichkeit Bg5 und er kann entweder c6-d5 spielen, oder im
Falle von Nf3 kann er mit e5-e4 fortsetzen, damit Weiß nicht die Möglichkeit
Ng5 hat.} 4. e4 $6 {Dieser Zug erscheint mir nicht so logisch, weil Weiß das
d4-Feld schwächt. Ich glaube, es wäre logisch 4.Nc3 zu spielen (die
prinzipielle Fortsetzung) und nur im Falle von 4...Bb4 kann Weiß 5.e4 ziehen.}
(4. d3 Bc5 5. Nf3 Nc6 6. O-O O-O 7. Nc3 Re8 8. a3 a5 9. b3 d6 10. Bb2 Bg4 11.
h3 Bh5 12. Rc1 Qd7 {0-1 Taylor,P-Vydeslaver,A/Rethymnon GRE 2003/(59)}) (4. a3
c6 5. d4 exd4 6. Qxd4 d5 7. cxd5 (7. Nf3 Be7 8. cxd5 cxd5 9. O-O Nc6 10. Qa4
O-O 11. Rd1 Be6 12. Nc3 Bc5 13. e3 Qe7 14. b4 Bb6 15. Bb2 Rfe8 16. h3 Rad8 {
1/2-1/2 Giardelli,S-Oratovsky,M/Balaguer 2001/EXT 2002 (16)}) 7... cxd5 8. Nf3
Nc6 9. Qa4 Bc5 10. b4 Bb6 11. O-O O-O 12. Bb2 Qe7 13. b5 Na5 14. e3 Bd7 15. Bd4
Rfc8 16. Nbd2 Nc4 17. Nxc4 Rxc4 18. Qb3 Ne4 19. Qb2 Rac8 {0-1 Loew,G-Shaw,J/
Bad Wiessee GER 2003/(40)}) (4. Nc3 Bb4 5. Nf3 (5. e3 Bxc3 6. bxc3 O-O 7. e4
Re8 8. Ne2 c6 9. Qb3 b6 10. O-O Ba6 11. Re1 d5 12. exd5 cxd5 13. cxd5 Qc8 14.
Qa4 Nbd7 15. Ba3 Bc4 16. d6 b5 17. Qc2 {1-0 Gurevich,M-Glek,I/Vlissingen 2002/
CBM 89 ext (60)}) 5... Bxc3 (5... e4 $5 6. Nd4 Bxc3 7. dxc3 O-O 8. O-O Re8 9.
b3 d6 10. Nc2 b6 11. Ne3 Bb7 12. Nd5 Nbd7 13. Bf4 Ne5 14. Qd2 Ng6 15. Nxf6+
Qxf6 16. Be3 {1-0 Markowski,T-Pavlovic,M/Plovdiv BUL 2003/(55)}) 6. dxc3 d6 7.
O-O Nc6 8. Ne1 Be6 9. b3 Qd7 10. e4 O-O-O $11 {1-0 Hulak,K-Bologan,V/Ohrid
2001/CBM 84/[Ribli] (54)}) (4. Nf3 e4 5. Nd4 Nc6 6. Nc2 Ne5 7. d3 exd3 8. exd3
Be7 9. Ne3 d6 10. d4 Neg4 11. Nc2 Nh7 12. h3 Ngf6 13. Nc3 O-O 14. Ne3 {1/2-1/2
Ghaem Maghami,E-Komliakov,V/Moscow 2000/EXT 2001 (54)}) (4. b3 Bc5 (4... d5) 5.
e3 O-O 6. Bb2 Re8 7. Ne2 d5 8. cxd5 Nxd5 9. O-O Nc6 10. a3 Bf8 11. d3 Be6 12.
Nd2 Qd7 13. Qc2 Bh3 {1/2-1/2 Gurevich,M-Anand,V/Bastia 2002/CBM 92 no vc (70)})
(4. d4 e4 5. Nc3 Bb4 6. Qb3 Nc6 7. d5 Nd4 8. Qd1 Bxc3+ 9. bxc3 Nf5 10. f3 Qe7
11. fxe4 Nd6 12. Ba3 Qe5 13. Qd3 Ndxe4 {0-1 Christensen,T-Glek,I/Rethymnon GRE
2003/(63)}) 4... Bc5 5. Ne2 Nc6 {[%csl Yd4]} 6. h3 (6. d3 Ng4 7. O-O Qf6 8. Qe1
Nb4 $17) (6. O-O h5 $5) 6... d6 7. d3 a6 8. Nbc3 Rb8 $5 {[%cal Gb7b5] Schwarz
rochiert nicht - er bereitet 9...b5 vor.} 9. O-O (9. a3 $5 b5 10. b4 $11) 9...
b5 10. Nd5 (10. cxb5 axb5 $11) 10... Nd4 11. Be3 (11. Nxd4 Bxd4 (11... exd4 12.
a3 $14) 12. Nb4 Qd7 13. Nc2 Bb6 $11) 11... O-O {Schwarz hat eine bequem
gleiche Stellung und er kontrolliert das d4-Feld.} (11... c6 12. Nxf6+ Qxf6 13.
Bxd4 (13. Nxd4 Bxd4 (13... exd4 14. Bf4 bxc4 15. e5 $13) 14. Bxd4 exd4 $11)
13... exd4 14. cxb5 $11) 12. Bxd4 (12. b4 Nxd5 13. cxd5 Nxe2+ 14. Qxe2 Bxb4 15.
Rac1 Ba5 16. d4 $44) 12... exd4 13. b4 Ba7 14. Rc1 (14. Qc2 $11) 14... Ne8 $1 {
[%mdl 32] Schwarz verteidigt den c7-Bauern und moöchte den d5-Springer mit
c7-c6 verjagen.} 15. cxb5 axb5 16. Qb3 Bd7 {[%cal Gc7c6,Gc6d5] Jetzt droht
schon 17...c6 un d der d5N muss weg gehen.} 17. Qb2 c6 $15 {Schwarz hat das
Läuferpaar und eine starke Bauernmasse im Zentrum.} 18. Ndf4 Nc7 {[%cal Gc7e6]}
19. Rc2 {Jetzt droht schon 20.Nxd4, weil im Falle von 20..Qf6 kann Weiß 21.Nb3.
oder 21.Ne2 spielen.} (19. Nxd4 $4 Qf6 $19 {[%csl Rd4][%cal Rf6b2,Ra7d4]})
19... c5 20. Rfc1 g5 $5 {Eine mutige Fortsetzung - Weiß kann wählen: entweder
21.Nd5 spielen und in diesem Fall kann der c7N den weißen Springer tauschen,
oder die Partiefortsetzung 21.Nh5, wonach der weiße Springer nicht so aktiv
wird.} 21. Nh5 {[%cal Gc1c7] Nach diesem Zug droht 22.Nxd4.} (21. Nd5 Nxd5 22.
exd5 Re8 $15) 21... Ne6 22. g4 $6 {[%cal Ge2g3,Gg3f5]} (22. bxc5 $1 dxc5 (22...
Bxc5 23. e5 $36) 23. e5 f5 $13) 22... f6 23. Neg3 Be8 24. Qa3 (24. Nf5) 24...
Bb6 25. bxc5 Bxc5 (25... dxc5 26. Qb3 $132) 26. Qb2 Kh8 27. Rf1 Qa5 $1 28. f4
$6 Qc3 $1 {[%cal Gc5g1] Mit diesem schönem Zug kann Schwarz die Damen tauschen.
} 29. f5 (29. Qb3 Qxb3 30. axb3 Bb4 $11) 29... Qxb2 30. Rxb2 Nd8 {[%cal Gd8c6,
Gc6e5]} 31. Rfb1 b4 {[%csl Rg2] Schwarz hat fühlbaren positionellen Druck am
Damenflügel, weil die weißen Figuren am Koenigsflügel nicht so viel wert sind,
besonders der g2B hat keine Zukunft.} 32. a3 Nc6 33. axb4 Rxb4 34. Bf1 (34.
Rxb4 Nxb4 $15) 34... Kg8 $1 {[%cal Gg8f7,Gf7e7] Schwarz bringt seinen König
ins Spiel.} 35. Be2 Kf7 36. Nf1 Ke7 37. Nd2 Bf7 38. Rxb4 Nxb4 39. Ra1 Rb8 40.
Nf3 Nc2 $17 {[%csl Gc2,Gc5,Gf7][%cal Gb8b1]} 41. Ra4 Rb2 42. Ng7 $4 {[%mdl
8192] Dieser Zug verliert sofort. Die einzige Verteidigung ist nur mit 42.Ng3
möglich, aber in diesem Fall hat Schwarz auch die besseren Chancen.} (42. Ng3
$17) 42... Ne3 $19 {[%csl Re2]} 43. Kf2 (43. Bf1 Rb1 44. Nh2 (44. Nd2 Rd1 $19)
44... d5 {[%cal Gc5d6,Gd6h2]}) 43... Nd1+ (43... Nd1+ 44. Kf1 Nc3 {[%cal Rc3a4,
Rc3e2]} (44... Rxe2 45. Kxe2 Nc3+ $19 {[%cal Rc3a4,Rc3e2]})) 0-1

[Event "Bundesliga 0506"]
[Site "Germany"]
[Date "2005.12.10"]
[Round "5.3"]
[White "Ribli, Zoltan"]
[Black "Rustemov, Alexander"]
[Result "1-0"]
[WhiteElo "2585"]
[BlackElo "2564"]
[Annotator "Ribli,Z"]
[PlyCount "79"]
[EventDate "2005.10.21"]
[EventType "team-tourn"]
[EventRounds "15"]
[EventCountry "GER"]
[SourceTitle "CBM 111"]
[Source "ChessBase"]
[SourceDate "2006.04.04"]
[SourceVersion "1"]
[SourceVersionDate "2006.04.04"]
[SourceQuality "1"]
[WhiteTeam "Tegernsee"]
[BlackTeam "Wattenscheid"]
[WhiteTeamCountry "GER"]
[BlackTeamCountry "GER"]

1. c4 e5 2. g3 Nf6 3. Bg2 h6 {Eine seltene Fortsetzung; die Hauptvarianten
sind 3...Nc6, 3...c6 und 3...d5. Mit dem Textzug verlässt Schwarz die
theoretischen Pfade, aber meiner Meinung nach ist dieser Zug nicht besonders
gut.} 4. Nc3 (4. e4 $6 Bc5 5. Ne2 Nc6 {[%csl Yd4]} 6. h3 d6 7. d3 a6 8. Nbc3
Rb8 $5 {[%cal Gb7b5]} 9. O-O (9. a3 $5 b5 10. b4 $11) 9... b5 10. Nd5 (10. cxb5
axb5 $11) 10... Nd4 11. Be3 O-O 12. Bxd4 exd4 13. b4 Ba7 14. Rc1 (14. Qc2 $11)
14... Ne8 $1 {0-1 Romero Holmes,A-Morozevich,A/Plovdiv 2003/CBM 98/[Ribli (43)}
) (4. d4 e4 $5 5. Nc3 Bb4 6. Qb3 Nc6 7. d5 Nd4 8. Qd1 Bxc3+ 9. bxc3 Nf5 10. f3
Qe7 11. fxe4 Nd6 12. Ba3 Qe5 13. Qd3 Ndxe4 {0-1 Christensen,T-Glek,I/Rethymnon
2003/(63)}) 4... Bb4 5. Nf3 (5. e4 Bxc3 6. bxc3 d6 7. Ne2 Be6 8. d3 Qd7 9. h3
$1 g5 (9... O-O 10. f4 $14) 10. f3 Na6 11. h4 $14 O-O-O $5 12. hxg5 (12. Be3 $5
) 12... hxg5 13. Bxg5 Rxh1+ 14. Bxh1 Rh8 15. Kf2 (15. Bh4 $14) 15... Nh7 (15...
Ng8) (15... Ne8) 16. Bh4 f5 $44 {[%csl Rf2] . 0-1 Macieja,B-Volokitin,A/
Bermuda 2005/CBM 106/[Ribli] (24)}) 5... Bxc3 (5... Nc6) (5... e4 6. Nd4 Bxc3
7. bxc3 {Auf diese Weise erhalten wir die Partiefortsetzung.} (7. dxc3)) 6.
bxc3 $5 {Weiß verstärkt seine Zentrumstellung.} (6. dxc3 d6) 6... e4 7. Nd4 O-O
8. O-O d6 9. f3 {[%mdl 32] Weiß beabsichtigt mit dem Läuferpaar die Stellung
zu öffnen. Dieses Motiv erinnert mich an die Variante 1.c4 e5 2.Nc3 Nf6 3.Nf3
Nc6 4.g3 Bb4 5.Bg2 0-0 6.0-0 e4 7.Ng5 Bxc3 8.bxc3 Re8 9.f3.} (9. d3 Nbd7 10.
dxe4 Re8 11. f3 Ne5) 9... c5 (9... exf3 10. Nxf3 $14) 10. Nc2 {[%cal Gc2e3,
Ge3d5]} exf3 11. Rxf3 {[%cal Gf3f8]} Nc6 12. d3 Ng4 (12... d5 13. cxd5 Nxd5)
13. h3 Nge5 14. Rf2 Qa5 $6 (14... Be6 $2 15. d4) (14... Re8) 15. Rb1 $1 $14 {
Die weiße Bauernstruktur ist zwar schwach, aber aufgrund seines Läuferpaares
und den starken Türmen steht Weiß sehr aktiv.} Qc7 (15... Qxa2 $4 16. Na3 $18)
(15... Qxc3 16. Bd2 $18) 16. e4 Ne7 17. Bf4 N5g6 18. Ne3 {[%csl Ge3][%cal
Ge3d5,Ge3f5] Weiß verfügt über eine sehr aktive Stellung, sein e3N
kontrolliert die Punkte d5 und f5.} Rb8 19. Qh5 Kh7 20. Rbf1 f6 $2 (20... Be6
$142 21. Nd5 $14) 21. Bxh6 $1 $16 {[%mdl 512] Ein starkes Läuferopfer, wonach
Weiß deutlichen Angriff am Königsflügel erhält.} gxh6 22. Rxf6 Rxf6 23. Rxf6 {
[%csl Gf6,Gh5,Rh7][%cal Re3d5,Rd5c7,Rd5e7] Weiß hat nur zwei Bauern für die
Figur, aber seine Drohungen sind mehr als gefährlich.} Kg7 24. Nd5 Qd8 25. e5
$1 {[%cal Rg2e4,Re4g6] Auf diese Weise kommt der Läufer ins Spiel.} (25. Nxe7
Kxf6 (25... Nxe7 $2 26. Qf7+ Kh8 27. Rxh6#) 26. Nxg6 Qe8 27. e5+ dxe5 28. Be4
Kg7 29. g4 b5 30. g5 hxg5 31. Qxg5 $40) 25... Bf5 (25... dxe5 26. Be4 $18) 26.
Nxe7 (26. Rxd6) (26. e6 {[%cal Rf6f7,Rf7g7]}) 26... Qxe7 27. Qxf5 (27. Rxf5
Nxe5 28. Be4) 27... Nxe5 28. Re6 Qg5 29. Qxg5+ hxg5 30. Rxd6 $18 {Mit zwei
Bauern mehr steht Weiß auf Gewinn.} b5 31. cxb5 Rxb5 32. Be4 c4 (32... Rb1+ 33.
Kf2 Rb2+ 34. Ke3 Rxa2 35. Rd5 $18) 33. dxc4 (33. d4 Nd3 34. Ra6 $18) 33... Rb2
34. c5 Re2 (34... Rxa2 35. Re6 $18 (35. c6 $18)) 35. Rd4 Re3 36. Kf2 Rxc3 37.
c6 a6 (37... Nxc6 38. Rd7+ Kf8 39. Rc7 $18) 38. Rd6 a5 39. Re6 Rc5 40. c7 1-0

[Event "Olympiad-36"]
[Site "Mallorca"]
[Date "2004.10.17"]
[Round "3"]
[White "Ruck, Robert"]
[Black "Van Beers, Eddy"]
[Result "1-0"]
[WhiteElo "2562"]
[BlackElo "2383"]
[Annotator "Ribli,Z"]
[PlyCount "91"]
[EventDate "2004.10.15"]
[EventType "team-swiss"]
[EventRounds "14"]
[EventCountry "ESP"]
[SourceTitle "CBM 104"]
[Source "ChessBase"]
[SourceDate "2005.01.27"]
[SourceVersion "1"]
[SourceVersionDate "2005.01.27"]
[SourceQuality "1"]
[WhiteTeam "Hungary"]
[BlackTeam "Belgium"]
[WhiteTeamCountry "HUN"]
[BlackTeamCountry "BEL"]

1. c4 e5 2. g3 Nf6 3. Bg2 c6 4. d4 exd4 (4... Bb4+ $5 5. Bd2 Bxd2+ 6. Qxd2 d6 {
Das ist die andere mögliche Spielweise - jetzt haben wir eine ähnliche
Stellung, wie in der Bogoindischen Verteidigung.}) 5. Qxd4 d5 6. cxd5 (6. Nf3)
6... cxd5 7. Nf3 Be7 (7... Nc6 $5 8. Qa4 Bc5 $5 9. O-O O-O 10. Bg5 Re8 11. e3
h6 12. Bxf6 Qxf6 13. Nc3 Be6 14. Rfd1 Rad8 15. Ne1 d4 {1/2-1/2 Mastrovasilis,
A-Savchenko,S/Halkidiki GRE 2002/(33)}) 8. O-O O-O (8... Nc6 9. Qa4 Qb6) 9. Be3
$5 {Das ist die gute Zugfolge für Weiß - mit dem Läuferzug verhindert Weiß die
Möglichkeit Qb6.} (9. Nc3 Nc6 10. Qa4 Qb6 11. Qb5 d4 (11... Qxb5 12. Nxb5 Bf5
13. Bf4 Be4 14. Rac1 {1-0 Rogozenko,D-Conquest,S/Germany 1999/EXT 2000 (58)})
12. Qxb6 axb6 13. Nb5 Bc5 14. Rd1 Rd8 15. Bg5 Ra5 16. a4 Bf5 17. Ne1 $14 {
1-0 Berkovich,M-Timmermans,I/Cappelle la Grande FRA 2004/(24)}) 9... Nc6 10.
Qa4 Be6 (10... Ng4 11. Bd4 Nxd4 12. Qxd4 Be6 13. Nc3 Qa5 14. Qd3 Rfd8 15. e3
Rac8 16. Rfd1 Bf6 17. Nd4 Ne5 18. Qb5 Qxb5 19. Ncxb5 Nc6 {1/2-1/2 Georgiev,
K-Predojevic,B/Budva SCG 2004/(42)}) 11. Nc3 Qd7 12. Rfd1 Rfd8 (12... h6 13.
Rac1 a6 $2 14. Bb6 $1 $16 Rac8 15. Ne1 $1 {1/2-1/2 Kasparov,G-Hjartarson,J/
Belfort 1988/(44)}) 13. Rac1 h6 14. Rd2 {Weiß verbessert sein bisheriges Spiel
- vor 7 Jahren wählte der weiße Spieler in dieser Stellung 14.Qb5, was auch
gut spielbar ist. Der Textzug bereitet die Turmverdoppelung 15.Rcd1 vor.} (14.
Qb5 Bb4 (14... Rac8 15. Na4 b6 16. Nc3 Qb7 17. Nd4 $14) 15. Na4 a6 16. Qd3 Bf5
17. Qb3 Qe7 18. a3 Bd6 19. Nb6 Rab8 20. Nh4 Be6 21. Nxd5 Nxd5 22. Bxd5 Bxd5 23.
Rxd5 $16 {1-0 Ruck,R-Broekman,W/Balatonbereny 1997/EXT 2001 (36)}) 14... Ng4
15. Bd4 (15. Bf4 $2 g5 $36) 15... Nxd4 16. Nxd4 {[%mdl 32] Schwarz hat einen
isolierten Bauern auf d5, was immer eine potenzielle Schwächung in der
schwarze Stellung ist. Sehr wichtig ist, dass Weiß das Feld d4 mit dem
Springer blockieren kann, denn das gibt Weiß einen kleinen, aber dauerhaften
Vorteil.} (16. Qxd4 Bf6 (16... Rac8 17. e3 $14) 17. Qf4 Rac8 $132) 16... Qxa4
17. Nxa4 Bg5 {Mit diesem Läuferzug provoziert Schwarz die Schwächung der
weißen Stellung.} 18. f4 (18. e3 Nxe3 $17) 18... Rac8 (18... Bf6 $5 19. Nxe6
fxe6 20. Bh3 h5 21. Nc5 Rac8 22. Rcc2 Rd6 23. Nxb7 Rxc2 24. Rxc2 Rb6 $11) 19.
Rxc8 Rxc8 20. Nc3 $14 {Weiß bringt den Springer zurück und lässt den Gegner
nicht 20...Rc1+ spielen.} (20. fxg5 $2 Rc1+ 21. Bf1 Ne3 $17) 20... Bf6 21. Bh3
$5 {[%csl Gh3][%cal Gh3c8] Interessanterweise bekommt der Läufer gutes Spiel
auf der h3-c8 Diagonale.} (21. e4 Bxd4+ 22. Rxd4 dxe4 23. Bxe4 Nf6 $11) 21...
h5 (21... Bxd4+ 22. Rxd4 Ne3 23. Kf2 Bxh3 (23... Nc2 24. Bxe6 fxe6 25. Rd2 Nb4
26. e4 $14) 24. Kxe3 Be6 25. Kd2 $14 (25. Nxd5 Rc2 $132)) 22. Bxg4 hxg4 $6 (
22... Bxg4 $1 23. Nxd5 Bxd4+ 24. Rxd4 Rc1+ 25. Kf2 Rc2 $11 {[%cal Rc2a2,Rc2e2]}
) 23. Kf2 g6 24. Nd1 {[%csl Rg4][%cal Gd1e3,Ge3g4] Droht 25.Nxe6 fxe6 26.Ne3
mit Bauerngewinn.} Rc4 25. Nxe6 fxe6 26. b3 Rd4 $6 (26... Rb4 $142 27. Kg2 g5
28. e3 $14 {[%csl Rg4][%cal Gd1f2,Gf2g4]}) 27. Rxd4 Bxd4+ 28. e3 {[%mdl 4096]}
Bg7 29. Ke2 $16 {[%csl Rg4][%cal Rd1f2,Rf2g4] Weiß bereitet 30.Nf2 vor, was
einen Bauern gewinnt.} e5 30. fxe5 (30. Nf2 $16) 30... Bxe5 31. Nf2 Kf7 32.
Nxg4 Bc7 33. Kf3 Ke6 34. h4 a5 35. Nf2 {[%cal Gf2d3,Gd3f4]} d4 {Schwarz opfert
einen Bauern und möchte im Trüben fischen.} 36. exd4 (36. e4 $18) 36... Kd5 37.
Nd3 Kxd4 38. Nf4 $18 Be5 (38... Bxf4 39. Kxf4 (39. gxf4 $18) 39... Kc3 40. g4
$18) 39. Nxg6 Bg7 40. g4 Kc3 41. g5 Kb2 42. h5 Kxa2 43. h6 Bc3 44. Nf4 Kxb3 {
Schwarz hat das materielle Gleichgewicht, aber die weißen Bauern gewinnen die
Partie.} 45. g6 a4 46. g7 1-0